00697 2200229 4500001002100000005001500021035002000036007000300056008004100059020002200100082001200122084001800134100002900152245009600181250000600277260003300283300004700316700002800363650004200391990001700433990001700450INLIS00000000000137620260520092539 a0010-1123000007ta260520 j 0 ind  a978-602-8789-26-6 a297.246 a297.246 BAY t0 aBayu Indie ( Pengarang )1 aThe Great Prophent :bNabi Ismail A.S & Nabi Ishaq A.S /cBayu indie; editor, Anna Fauziah a- aJakarta :bPustaka Lebah,c- a39 :bilus. ;gambar berwarna ;c28.5 cme-0 aAnna Fauziah ( Editor ) 4aIslam - Sejarah - Zaman Nabi Muhammad a00067/K/2012 a00099/R/2015